<?xml version="1.0" encoding="UTF-8"?><?xml-stylesheet type="text/xsl" href="static/style.xsl"?><OAI-PMH xmlns="http://www.openarchives.org/OAI/2.0/" xmlns:xsi="http://www.w3.org/2001/XMLSchema-instance" xsi:schemaLocation="http://www.openarchives.org/OAI/2.0/ http://www.openarchives.org/OAI/2.0/OAI-PMH.xsd"><responseDate>2026-04-13T05:51:39Z</responseDate><request verb="GetRecord" identifier="oai:www.recercat.cat:10230/59461" metadataPrefix="marc">https://recercat.cat/oai/request</request><GetRecord><record><header><identifier>oai:recercat.cat:10230/59461</identifier><datestamp>2025-12-22T13:41:24Z</datestamp><setSpec>com_2072_6</setSpec><setSpec>col_2072_452952</setSpec></header><metadata><record xmlns="http://www.loc.gov/MARC21/slim" xmlns:dcterms="http://purl.org/dc/terms/" xmlns:xsi="http://www.w3.org/2001/XMLSchema-instance" xmlns:doc="http://www.lyncode.com/xoai" xsi:schemaLocation="http://www.loc.gov/MARC21/slim http://www.loc.gov/standards/marcxml/schema/MARC21slim.xsd">
   <leader>00925njm 22002777a 4500</leader>
   <datafield ind2=" " ind1=" " tag="042">
      <subfield code="a">dc</subfield>
   </datafield>
   <datafield ind2=" " ind1=" " tag="720">
      <subfield code="a">Daura Luján, Joan</subfield>
      <subfield code="e">author</subfield>
   </datafield>
   <datafield ind2=" " ind1=" " tag="720">
      <subfield code="a">Ble Gimeno, Eduard</subfield>
      <subfield code="e">author</subfield>
   </datafield>
   <datafield ind2=" " ind1=" " tag="720">
      <subfield code="a">Revilla Calvo, Víctor</subfield>
      <subfield code="e">author</subfield>
   </datafield>
   <datafield ind2=" " ind1=" " tag="720">
      <subfield code="a">Peix, Judith</subfield>
      <subfield code="e">author</subfield>
   </datafield>
   <datafield ind2=" " ind1=" " tag="720">
      <subfield code="a">Clua Mercadal, María</subfield>
      <subfield code="e">author</subfield>
   </datafield>
   <datafield ind2=" " ind1=" " tag="720">
      <subfield code="a">Blasco Martín, Marta</subfield>
      <subfield code="e">author</subfield>
   </datafield>
   <datafield ind2=" " ind1=" " tag="720">
      <subfield code="a">Queralt Mitjans, Ignasi</subfield>
      <subfield code="e">author</subfield>
   </datafield>
   <datafield ind2=" " ind1=" " tag="720">
      <subfield code="a">Valenzuela Lamas, Silvia</subfield>
      <subfield code="e">author</subfield>
   </datafield>
   <datafield ind2=" " ind1=" " tag="720">
      <subfield code="a">Miret Mestre, Magi</subfield>
      <subfield code="e">author</subfield>
   </datafield>
   <datafield ind2=" " ind1=" " tag="720">
      <subfield code="a">Coll Monteagudo, Ramon</subfield>
      <subfield code="e">author</subfield>
   </datafield>
   <datafield ind2=" " ind1=" " tag="720">
      <subfield code="a">Allué, Ethel</subfield>
      <subfield code="e">author</subfield>
   </datafield>
   <datafield ind2=" " ind1=" " tag="720">
      <subfield code="a">Sanz Borràs, Montserrat</subfield>
      <subfield code="e">author</subfield>
   </datafield>
   <datafield ind2=" " ind1=" " tag="260">
      <subfield code="c">2024-03-19T07:21:30Z</subfield>
   </datafield>
   <datafield ind2=" " ind1=" " tag="260">
      <subfield code="c">2024-03-19T07:21:30Z</subfield>
   </datafield>
   <datafield ind2=" " ind1=" " tag="260">
      <subfield code="c">2024</subfield>
   </datafield>
   <datafield ind2=" " ind1=" " tag="520">
      <subfield code="a">Las cavidades han sido lugares utilizados reiteradamente a lo largo de la historia y con distintas funcionalidades tal y como evidencia la tipología de los restos arqueológicos hallados. Así, la presencia de materiales arqueológicos en cuevas y abrigos desde la protohistoria hasta la actualidad está documentada en un buen número de yacimientos, pero pocos han sido objeto de estudio específico. La baja tasa de sedimentación y la escasez del registro pueden haber sido el principal factor de su poco interés, así como por el hecho que el estudio en cronologías históricas se ha centrado en la excavación de estructuras, ya sean poblados, ciudades, necrópolis, construcciones militares, entre otras. Las cavidades, como parte del territorio que las integran, deben tenerse en consideración en los estudios de reconstrucción histórica. En este caso, presentamos los niveles con materiales arqueológicos (cerámica, metales, industria ósea, monedas, carbones, vidrios y fauna) de cova del Gegant (Sitges, Barcelona) procedentes de tres momentos distintos: épocas ibérica, romana y ocupaciones modernas. A lo largo de la secuencia, la cueva ha tenido distintas funcionalidades, desde cobijo y espacio utilitario en época moderna y altoimperial a un posible uso relacionado con la ritualidad en época ibérica. De este momento destacan los objetos metálicos de carácter singular, especialmente de bronce, relacionados con ornamentos personales y posiblemente relacionados con rituales en un momento en que la cueva podría haber sido utilizada como cueva-santuario. Esta diversidad de funciones y su uso reiterado a lo largo de los dos últimos milenios indican la importancia de las cuevas como parte del hinterland territorial que forman parte en cada uno de los momentos históricos.</subfield>
   </datafield>
   <datafield ind2=" " ind1=" " tag="520">
      <subfield code="a">Trabajo financiado por los proyectos CLT/2022/ARQ001SOLC/128 y SGR2021-00337 (Generalitat de Catalunya) así como PID2020-113960GB-I00/AEI/10.13039/501100011033 (MICINN). M. Sanz y M. Blasco han sido financiadas por el MICINN y por la Unión Europea-NextGenerationEU mediante un contrato Ramón y Cajal (RYC2021-032999-I) y Juan de la Cierva (FJC2020-045770-I) respectivamente. Los trabajos de laboratorio se han realizado en La Guixera, con el apoyo del Ayuntamiento de Castelldefels. I. Queralt investiga en IDAEA-CSIC, Centro de Excelencia Severo Ochoa financiado por AEI (CEX2018-000794-S del MCIN/AEI/10.13039/501100011033).</subfield>
   </datafield>
   <datafield tag="653" ind2=" " ind1=" ">
      <subfield code="a">Cueva</subfield>
   </datafield>
   <datafield tag="653" ind2=" " ind1=" ">
      <subfield code="a">Época romana</subfield>
   </datafield>
   <datafield tag="653" ind2=" " ind1=" ">
      <subfield code="a">Época moderna</subfield>
   </datafield>
   <datafield tag="653" ind2=" " ind1=" ">
      <subfield code="a">Cova del Gegant</subfield>
   </datafield>
   <datafield tag="653" ind2=" " ind1=" ">
      <subfield code="a">Santuario</subfield>
   </datafield>
   <datafield tag="653" ind2=" " ind1=" ">
      <subfield code="a">Fíbula</subfield>
   </datafield>
   <datafield tag="653" ind2=" " ind1=" ">
      <subfield code="a">Litoral</subfield>
   </datafield>
   <datafield tag="653" ind2=" " ind1=" ">
      <subfield code="a">Bronce</subfield>
   </datafield>
   <datafield tag="653" ind2=" " ind1=" ">
      <subfield code="a">Taller de vidrio</subfield>
   </datafield>
   <datafield ind2="0" ind1="0" tag="245">
      <subfield code="a">Ocupaciones efímeras en cueva desde la protohistoria hasta la actualidad: cova del Gegant (Sitges, Barcelona)</subfield>
   </datafield>
   <datafield ind2="0" ind1="0" tag="245">
      <subfield code="a">Ephemeral occupations arising from cave environments between protohistory to the present day: cova del Gegant site (Sitges, Barcelona)</subfield>
   </datafield>
</record></metadata></record></GetRecord></OAI-PMH>